Statistics for Hollywood Undead members

Click here to take the quiz!

General Stats

  • This quiz has been taken 218 times
  • The average score is 6 of 7

Answer Stats

HintAnswer% Correct
Blue & Number 3Johnny 3 Tears
95%
Sunglasses & bandanaCharlie Scene
94%
Past leader singerDeuce
94%
All blackFunny Man
94%
Gold & crossDanny
93%
Burned eyes & dollar billJ-Dog
91%
Two facesDa Kurlzz
74%

Score Distribution

Percentile by Number Answered

Percent of People with Each Score

Your Score History

You have not taken this quiz